000 00958nam a22002777a 4500
005 20170124105950.0
010 _aA-711639
020 _c00.00
_a817001073
035 _aA-711639
037 _bCen Lib/Ret
040 _aDPL
_bEN
082 _a331.40954
_bKAS
100 _aKasturi, Leela
_913326
245 _aWomen workers in India :
_cby Leela Kasturi, Sulabha Brahme [and] Renana Jhabvala; edited by Vina Mazumdar
_b studies in employment and status /
260 _aDelhi
_bChanakya Publications
_c1990
270 _aF10/14, Model Town
_bDelhi
_e110009
300 _axv,304p.
_c22cm(Hb)
490 _aICSR programme of women's studies
_v5
500 _aIncludes index
650 _aWomen -- Employment -- India -- Case studies
_979899
650 _aWomen -- Employment
_97628
700 _aBrahme, Sulabha
_913328
700 _aJhabvala, Renana
_913329
700 _aMazumdar, Vina
_913330
942 _2ddc
_cEN
_h331.40954
_mKAS
999 _c125191
_d125191